Normal view MARC view
  • Sayood, Khalid

Entry Personal Name

Number of records used in: 3

001 - CONTROL NUMBER

  • control field: 100524

003 - CONTROL NUMBER IDENTIFIER

  • control field: NUST

005 - DATE AND TIME OF LATEST TRANSACTION

  • control field: 20221017145131.0

008 - FIXED-LENGTH DATA ELEMENTS

  • fixed length control field: 221017|| aca||aabn | a|a d

040 ## - CATALOGING SOURCE

  • Original cataloging agency: NUST
  • Transcribing agency: NUST

100 ## - HEADING--PERSONAL NAME

  • Personal name: Sayood, Khalid

670 ## - SOURCE DATA FOUND

  • Source citation: Work cat.: (NUST)212433: Sayood, Khalid, Introduction to data compression /, C 1996, 2000
© 2023 Central Library, National University of Sciences and Technology. All Rights Reserved.